000 00511nam a2200229Ia 4500
008 210210b1947 xxu||||| |||| 00| 0 eng d
041 _aeng
082 _a960/96
100 _a-
245 _aIAS political science from 1947 to date
260 _aNew Delhi
_bCareers Institute Regd.
_c1947
300 _a28
650 _ato
650 _ascience
650 _apolitical
650 _aIAS
650 _afrom
650 _adate
650 _a1947
690 _aGeneral Knowledge
906 _a002380
999 _c121806
_d121806